000 00956nam a2200301 i 4500
003 EG-GICUC
005 20260121101721.0
008 260112s1981 ua ||||fr|||| 001 0 eng d
040 _aEG-GiCUC
_beng
_cEG-GiCUC
_dEG-GiCUC
_erda
041 0 _aeng
082 0 4 _221
_a336.31724
_bA T . P
092 0 4 _221
099 _aLaw1 13 336.31724 A T . P 1981
100 0 _aAtef SEDKY
_eAuthor.
245 1 0 _aPISCAL POLICY IN UNDER-DEVELOPED COUNTRIES /
_bDr. Atef SEDKY, Dr. Mohamed EL-RAZAZ.
264 1 _a[undefined] :
_b[undefined],
_c1981.
300 _a78 pages ؛
_c24 cm.
336 _2rda content
_atext
337 _2rda media
_aComputer
338 _2rda carrier
_aOnline Resource
546 _aText in English
650 1 _aPublic finance and tax legislation
_2qrmak
651 1 _2qrmak
700 0 _aMohamed EL-RAZAZ.
_eAuthor.
856 4 0 _uhttps://fll.law.cu.edu.eg/fulltext/bks/B13-09780.pdf
905 _a62
942 _2ddc
_n0
_cBK
_e21
999 _c56618
_d56618